000 00449nam a2200181Ia 4500
003 GCL
008 140319s9999 xx 000 0 eng d
040 _aGCL /
_cGCL
082 0 4 _a937.07
_bM T
100 1 _aMARTIN, RICHARD
245 1 0 _aTACITUS: ANNALS /
_cMARTIN, RICHARD
700 1 _aWOODMAN, A. J.
260 _a[S.N] :
_bCAMBRIBGE UNIVERSITY PRESS ،
_c1989
300 _a281 P
650 0 4 _aHISTORY
650 0 4 _aROME
942 _2ddc
_cBK
999 _c24175
_d24175